Capitals of 1-st level subdivisions in Greece from north to south - Statistics

General Stats
  • This quiz has been taken 12 times
  • The average score is 9 of 14
Answer Stats
Latitude (DD) Answer % Correct
2 40.63 Thessaloníki
100%
11 37.98 Athína
75%
5 39.67 Ioánnina
75%
7 39.62 Kérkyra
75%
1 41.12 Komotiní
75%
6 39.64 Lárisa
75%
8 39.11 Mytilíni
75%
10 38.25 Pátra
75%
14 35.34 Irákleio
50%
3 40.30 Kozáni
50%
9 38.90 Lamía
50%
12 37.51 Trípoli
50%
13 37.44 Ermoúpoli
25%
4 40.26 Karyés
25%
No matching quizzes found
Score Distribution
Percent of People with Each Score
Percentile by Number Answered
Your Score History
You have not taken this quiz